Normal view
MARC view
Entry Personal Name
001 - CONTROL NUMBER
- control field: 45954
003 - CONTROL NUMBER IDENTIFIER
- control field: AUA.1
005 - DATE AND TIME OF LATEST TRANSACTION
- control field: 20140731124637.0
008 - FIXED-LENGTH DATA ELEMENTS
- fixed length control field: 140731|||a|||||| | ||| d
040 ## - CATALOGING SOURCE
- Original cataloging agency: AUA.1
- Transcribing agency: AUA.1
100 ## - HEADING--PERSONAL NAME
- Personal name: Olive, Don H.
670 ## - SOURCE DATA FOUND
- Source citation: Work cat.: (AUA.1)0: Olive, Don H., Wolfhart Pannenberg /, [1973]